000 00279nam a22001217a 4500
008 180522b xxu||||| |||| 00| 0 eng d
041 _aeng
080 _a043.3
100 _a0
101 _aMBE-BTH
245 _aStandarted e Auditimit të Brendshëm
_cVeliu,B
942 _2udc
_cBK
999 _c46231
_d46231